All Saweetie Songs - Statistics

General Stats
  • This quiz has been taken 36 times
    9 since last reset
  • The average score is 24 of 47
Answer Stats
Album Song % Correct
Single #5 Best Friend
88%
High Maintenance High Maintenance
75%
ICY My Type
75%
Pretty B***h Music Tap In
75%
Single #9 BIRTHDAY
63%
Single #6 Fast (Motion)
63%
THE SINGLE LIFE P.U.S.S.Y. (Powerful, Utopia, Supreme, Sacred, Yummy)
63%
ICY 1 of 1
50%
High Maintenance 23
50%
High Maintenance Agua
50%
Bruised (Soundtrack from and Inspired by the Netflix Film) Attitude
50%
Pretty Summer Playlist: Season 1 Baby Mama Coochie
50%
Pretty Summer Playlist: Season 1 Back Seat
50%
High Maintenance B.A.N.
50%
THE SINGLE LIFE BO$$ CHICK
50%
Single #8 Closer
50%
ICY Dipped in Ice
50%
Single #11 Do It for the Bay
50%
THE SINGLE LIFE DON'T SAY NOTHIN'
50%
ICY Emotional
50%
Single #10 Feels
50%
Insecure: Music from the HBO Original Series Get It Girl
50%
High Maintenance Good Good
50%
THE SINGLE LIFE HANDLE MY TRUTH
50%
ICY Hot Boy
50%
Single #7 Icy Chain
50%
High Maintenance Icy Grl
50%
High Maintenance Intro
50%
THE SINGLE LIFE MEMORABLE
50%
Single #3 Money Mouf
50%
THE SINGLE LIFE NO RECEPTION
50%
Pretty Summer Playlist: Season 1 Pretty & Rich
50%
High Maintenance Respect
50%
Pretty Summer Playlist: Season 1 Risky
50%
Pretty Summer Playlist: Season 1 See Saw
50%
Pretty Summer Playlist: Season 1 Sweat Check
50%
Pretty Summer Playlist: Season 1 Talkin' Bout
50%
ICY Tip Toes
50%
High Maintenance Too Many
50%
ICY Trick
50%
Single Up Now
50%
Single #4 Back to the Streets
38%
Space Jam: A New Legacy (Original Motion Picture Soundtrack) Hoops
38%
Single #2 Pissed
38%
Pretty B***h Music Pretty B***h Freestyle
38%
Single #12 Richtivities
38%
Birds of Prey: The Album Sway with Me
38%
No matching quizzes found
Score Distribution
Percent of People with Each Score
Percentile by Number Answered
Your Score History
You have not taken this quiz since the last reset